| 000 | 00466cam a2200193ua 4500 | ||
|---|---|---|---|
| 001 | 4087 | ||
| 005 | 20260515113758.0 | ||
| 008 | 111214n ii |||gr||||Z||||||asm | ||
| 040 | _cMAIN | ||
| 082 | _a891.4511 | ||
| 100 | 1 | _aTanti, Sananta, | |
| 245 | 1 | 1 |
_aYodha bhumir kabita _cby Sananta Tanti |
| 250 | _a1st. | ||
| 260 |
_aNalbari: _bSamonoi granthaloi,985. |
||
| 300 |
_a64p: _c23cm. |
||
| 653 | _aAssamese poem | ||
| 653 | _aYodha bhumir kabita | ||
| 942 | _cBK | ||
| 999 |
_c3906 _d3906 |
||